Normal view
MARC view
- MAMBO - COMPUTER FILE. MECHANICS, APPLIED - COMPUTER SIMULATION. MECHANICS, APPLIED - MATHEMATICAL MODELS.MULTIBODY MECHANCIS AND VISUALIZATION
Entry Topical Term
001 - CONTROL NUMBER
- control field: 65448
003 - CONTROL NUMBER IDENTIFIER
- control field: NUST
005 - DATE AND TIME OF LATEST TRANSACTION
- control field: 20210628203432.0
008 - FIXED-LENGTH DATA ELEMENTS
- fixed length control field: 210628|| aca||aabn | a|a d
040 ## - CATALOGING SOURCE
- Original cataloging agency: NUST
- Transcribing agency: NUST
150 ## - HEADING--TOPICAL TERM
- Topical term or geographic name entry element: MAMBO - COMPUTER FILE. MECHANICS, APPLIED - COMPUTER SIMULATION. MECHANICS, APPLIED - MATHEMATICAL MODELS.MULTIBODY MECHANCIS AND VISUALIZATION
670 ## - SOURCE DATA FOUND
- Source citation: Work cat.: (NUST): Dankowicz, Harry 65447, Multibody mechancis and visualization, 2005
